000 01595nam a2200409Ii 4500
001 DIGRAMA0444
003 NyNyDIG
006 m o d
007 cr |||||||||||
008 240802s2024 sp ao ob 000 0 spa d
035 _a(OCoLC)1440200504
040 _aDGITA
_beng
_erda
_epn
_cDGITA
020 _a9788410181977
_qePub
020 _z9788410181960
050 1 4 _aTK5105.888 ebook
082 0 4 _a006.7
_223
100 1 _aFernández Casado, Pablo E.,
_eauthor.
245 1 0 _aDesarrollo web para comercio electrónico :
_bconstruyendo tiendas online /
_cPablo E. Fernández Casado.
264 1 _aParacuellos de Jamara, Madrid, [España] :
_bRa-Ma,
_c[2024]
300 _a1 online resource :
_billustrations, photographs.
336 _atext
_btxt
_2rdacontent
337 _acomputer
_bc
_2rdamedia
338 _aonline resource
_bcr
_2rdacarrier
347 _atext file
_2rdaft
347 _bEPUB
504 _aIncludes bibliographical references.
588 0 _aOnline resource; title from ePub title page (Digitalia, viewed August 2, 2024)
650 0 _aWeb site development.
650 0 _aWeb sites
_xDesign.
650 0 _aElectronic commerce.
791 2 _aDigitalia (Firm),
_edistributor.
793 0 _gDigitalia eBook Collection:
_aRa-Ma Editorial
776 0 8 _iPrint version:
_aFernández Casado, Pablo E.
_tDesarrollo web para comercio electrónico.
_dParacuellos de Jamara, Madrid, [España] : Ra-Ma, [2024]
_z9788410181960
856 4 0 _3Digitalia Hispánica
_uhttps://www.digitaliapublishing.com/a/157222/
910 _aPremium collection: 2024
942 _cRAA
999 _c287108
_d287108